书目信息 |
| 题名: |
黄河三角洲民俗文化
|
|
| 作者: | 张金路 著 | |
| 分册: | ||
| 出版信息: | 济南 齐鲁书社 2013 |
|
| 页数: | 306页 | |
| 开本: | 21cm | |
| 丛书名: | 黄河三角洲文化研究书库 | |
| 单 册: | ||
| 中图分类: | K892.452 | |
| 科图分类: | ||
| 主题词: | ||
| 电子资源: | ||
| ISBN: | 978-7-5333-2813-9 | |
| 000 | 00927oam2 2200265 450 | |
| 001 | 0102938698 | |
| 005 | 20131122142621.0 | |
| 010 | @a978-7-5333-2813-9@dCNY36.00 | |
| 100 | @a20130815d2013 em y0chiy0120 ea | |
| 101 | 0 | @achi |
| 102 | @aCN@b370000 | |
| 105 | @ay z 000yy | |
| 106 | @ar | |
| 200 | 1 | @a黄河三角洲民俗文化@9Huang He San Jiao;Jue Zhou Min Su Wen Hua @f张金路著@b专著 |
| 210 | @a济南@c齐鲁书社@d2013 | |
| 215 | @a306页@d21cm | |
| 225 | 2 | @a黄河三角洲文化研究书库 |
| 300 | @a山东省社会科学规划研究项目文丛·重点项目 滨州学院学术著作出版基金资助 | |
| 330 | @a本书展现了黄河三角洲民俗文化的风貌。内容包括:生活习俗、生产商贸习俗、社会习俗、人生仪礼习俗、节庆习俗、民间文学、黄河口方言等。 | |
| 461 | 0 | @1001012002027141 |
| 607 | @a黄河@x三角洲@x风俗习惯@x研究 | |
| 690 | @aK892.452@v5 | |
| 701 | 0 | @a张金路@9zhang jin lu@4著 |
| 801 | 0 | @aCN@bZL@c20130727 |
| 905 | @aBZT@dK892.452@e3@f1@sK892.452/3 | |
| 黄河三角洲民俗文化/张金路著.-济南:齐鲁书社,2013 |
| 306页;21cm.-(黄河三角洲文化研究书库) |
| 山东省社会科学规划研究项目文丛·重点项目 滨州学院学术著作出版基金资助 |
| ISBN 978-7-5333-2813-9:CNY36.00 |
| 本书展现了黄河三角洲民俗文化的风貌。内容包括:生活习俗、生产商贸习俗、社会习俗、人生仪礼习俗、节庆习俗、民间文学、黄河口方言等。 |
| ● |
| 相关链接 |
|
|
|
正题名:黄河三角洲民俗文化
索取号:K892.452/3
 
预约/预借
| 序号 | 登录号 | 条形码 | 馆藏地/架位号 | 状态 | 备注 |
| 1 | 2000031912 | 2000031912 | 旧书回溯/ [索取号:K892.452/3] | 在馆 |